000 00827nam a22002777a 4500
001 BR8501470
003 BR-BrBNA
005 20230928092117.0
007 ta
008 230509b bl.||||| |||| 00| 0 por d
040 _aBR-BrBNA
_bpor
_cBiblioteca Nacional de Agricultura
041 _a(Por)
072 _aE30; D10
_b/G514
090 _ E30 BR8501470
110 1 _aComissao Estadual de Planejamento Agricola, Fortaleza, CE (Brasil)
_92048
245 1 _aProposta de acao conjunta entre o Ministerio da Agricultura e o Estado do Ceara - 1986 [Brasil]
260 3 _aFortaleza, CE (Brasil):
_c1985.
300 _a91 p.
500 _a6 tables
650 _aDESENVOLVIMENTO AGRICOLA
650 _aINSTITUICAO AGRICOLA
650 _aCONVENIO
650 _aCEARA
909 _a202309
_bLucia
_c55
_dLucia Elande
942 _cBK
999 _c37181
_d37181